| 000 | 00715nam a2200229 4500 | ||
|---|---|---|---|
| 003 | OSt | ||
| 005 | 20180831110721.0 | ||
| 008 | 180825b xxu||||| |||| 00| 0 spa d | ||
| 040 | _cPJ | ||
| 100 |
_91642 _aLegón, Fernando A. |
||
| 245 | 1 | 0 |
_aLa claúsula "sin protesto" / _cFernando A. Legón, Raúl A. Baca Castex. |
| 260 |
_aBuenos Aires : _bUniversidad, _c1969. |
||
| 300 |
_a112 p. _c20 cm. |
||
| 500 | _aNotas y citas a pie de página. | ||
| 650 | 0 |
_91602 _aDERECHO COMERCIAL |
|
| 650 | 0 |
_91831 _aTITULOS DE CRÉDITO |
|
| 650 | 0 |
_91859 _aPAGARÉ |
|
| 650 | 0 |
_91966 _aPROTESTO |
|
| 650 | 0 |
_91967 _aCLAÚSULA SIN PROTESTO |
|
| 700 |
_91968 _aBaca Castex, Raúl A. |
||
| 942 |
_2udc _cLIB _h347.746 _iLEG |
||
| 999 |
_c1314 _d1314 |
||